[Event "I Weekend A"]
[Site "Biella ITA"]
[Date "2010.09.25"]
[Round "2"]
[White "Gallucci, Alessio"]
[Black "Argiolas, Alberto"]
[Result "1-0"]
[WhiteElo "2144"]
[BlackElo "1867"]
[PlyCount "71"]
[EventDate "2010.09.24"]

1. e4 c5 2. Nf3 d6 3. d4 cxd4 4. Nxd4 Nf6 5. Nc3 a6 6. Bg5 e6 7. f4 Be7 8. Qf3
Qc7 9. O-O-O O-O 10. Qg3 Ne8 11. Bxe7 Qxe7 12. e5 dxe5 13. fxe5 Nd7 14. Bd3 Nc5
15. Ne4 Nxd3+ 16. Rxd3 f5 17. Nc3 Bd7 18. Rhd1 Rd8 19. Qf3 Bc8 20. Kb1 Nc7 21.
a3 Nd5 22. Nce2 Qc7 23. Qg3 f4 24. Qg5 h6 25. Qh5 Ne3 26. Rc3 Qe7 27. Rg1 Nd5
28. Rd3 Qf7 29. Qf3 g5 30. h4 Qg7 31. hxg5 hxg5 32. Qh5 Qxe5 33. g3 Rf7 34.
gxf4 Nxf4 35. Rxg5+ Qxg5 36. Qxg5+ 1-0

[Event "I Weekend A"]
[Site "Biella ITA"]
[Date "2010.09.25"]
[Round "2"]
[White "Giordanetti, Giuseppe"]
[Black "Finocchiaro, Gianluca"]
[Result "0-1"]
[WhiteElo "1523"]
[BlackElo "2121"]
[PlyCount "52"]
[EventDate "2010.09.24"]

1. e4 c5 2. c3 g6 3. d4 cxd4 4. cxd4 d5 5. Bb5+ Nd7 6. e5 Bg7 7. Nf3 a6 8. Qa4
Nh6 9. O-O O-O 10. Bd3 Nb6 11. Qb3 Bg4 12. Be2 Nf5 13. Rd1 Rc8 14. h3 Bxf3 15.
Qxf3 Nxd4 16. Rxd4 Rxc1+ 17. Rd1 Rxd1+ 18. Bxd1 Nc4 19. Qb3 Bxe5 20. Qc2 Bxb2
21. Nd2 Bxa1 22. Nb3 Bg7 23. Be2 b5 24. Nc5 Qa5 25. Nb3 Qe1+ 26. Kh2 Be5+ 0-1

[Event "I Weekend A"]
[Site "Biella ITA"]
[Date "2010.09.25"]
[Round "2"]
[White "Giovarruscio, Gabriele"]
[Black "Raselli, Claudio"]
[Result "0-1"]
[WhiteElo "1669"]
[BlackElo "1961"]
[PlyCount "94"]
[EventDate "2010.09.24"]

1. Nf3 c5 2. c4 Nc6 3. g3 g6 4. Bg2 Bg7 5. O-O e6 6. Nc3 Nge7 7. d3 O-O 8. Bd2
d5 9. cxd5 exd5 10. Qc1 Re8 11. Bh6 b6 12. Bxg7 Kxg7 13. Re1 d4 14. Ne4 Nd5 15.
a3 Bf5 16. Ned2 Qd7 17. Nc4 Rac8 18. Qd2 b5 19. Na5 Ne5 20. Rac1 Nxf3+ 21. Bxf3
Bg4 22. Bxg4 Qxg4 23. Nb7 Re5 24. Rxc5 Rxc5 25. Nxc5 Rh5 26. e4 dxe3 27. fxe3
Qf3 28. b4 Nf6 29. Rf1 Qd5 30. Qb2 Qe5 31. Qxe5 Rxe5 32. Rxf6 Rxc5 33. Rxf7+
Kxf7 34. bxc5 a5 35. Kf1 b4 36. axb4 a4 37. c6 Ke6 38. b5 Kd6 39. e4 a3 40. e5+
Kc7 41. e6 a2 42. e7 a1=Q+ 43. Kf2 Qe5 44. d4 Qxe7 45. Kf3 Qe6 46. Kf4 Qf5+ 47.
Ke3 Qxb5 0-1

[Event "I Weekend A"]
[Site "Biella ITA"]
[Date "2010.09.25"]
[Round "2"]
[White "Grinza, Andrea"]
[Black "Melling, Jonathon"]
[Result "1-0"]
[WhiteElo "2239"]
[BlackElo "1905"]
[PlyCount "59"]
[EventDate "2010.09.24"]

1. d4 Nf6 2. c4 e6 3. Nc3 Bb4 4. Bg5 b6 5. f3 Bb7 6. e4 h6 7. Bh4 g5 8. Bf2 Qe7
9. Nge2 Bxc3+ 10. Nxc3 d6 11. h4 Nfd7 12. Qd2 f6 13. hxg5 fxg5 14. O-O-O Nf8
15. Be3 Qg7 16. f4 g4 17. f5 h5 18. fxe6 Nxe6 19. d5 Nc6 20. dxe6 O-O-O 21. Nd5
Qe5 22. e7 Rde8 23. Bf4 Qe6 24. Bd3 Nxe7 25. Nxe7+ Rxe7 26. Rde1 h4 27. Bg5
Reh7 28. e5 Rh5 29. exd6 Qg8 30. d7+ 1-0

[Event "I Weekend A"]
[Site "Biella ITA"]
[Date "2010.09.25"]
[Round "2"]
[White "Guderzo, Mirella"]
[Black "Cossar, Claudio"]
[Result "0-1"]
[WhiteElo "1512"]
[BlackElo "1775"]
[PlyCount "137"]
[EventDate "2010.09.24"]

1. e4 c5 2. d3 Nc6 3. Nc3 g6 4. Bd2 Bg7 5. Be2 e6 6. Nf3 Nge7 7. O-O d5 8. exd5
exd5 9. Re1 O-O 10. Qc1 Nf5 11. h3 h5 12. Nd1 b5 13. Ne3 Nfd4 14. c3 Nxe2+ 15.
Rxe2 Re8 16. Re1 Ne7 17. Nf1 Bf5 18. d4 Be4 19. N1h2 Rc8 20. Be3 b4 21. Qd2
bxc3 22. bxc3 Qa5 23. Rec1 Nf5 24. a4 cxd4 25. Nxd4 Nxd4 26. Bxd4 Bxd4 27. Qxd4
Rc4 28. Qe3 Rxa4 29. Qe1 Rb8 30. Rxa4 Qxa4 31. Nf1 Rb2 32. Nd2 Bf5 33. Ra1 Qf4
34. Nf3 Bxh3 35. Rxa7 Bxg2 36. Qe8+ Kg7 37. Qe5+ Qxe5 38. Nxe5 Be4 39. Rxf7+
Kg8 40. f3 Bf5 41. Rf6 Kg7 42. Rd6 Rd2 43. c4 d4 44. c5 Rc2 45. c6 d3 46. Nxd3
Bxd3 47. Rxd3 Rxc6 48. Kg2 Kf6 49. Kg3 g5 50. Re3 Kf5 51. Rd3 h4+ 52. Kh3 Kf4
53. Kg2 Rc2+ 54. Kf1 h3 55. Kg1 Rg2+ 56. Kh1 Rf2 57. Rd4+ Kxf3 58. Rd3+ Kg4 59.
Kg1 Rf3 60. Rd4+ Kg3 61. Rd2 g4 62. Rg2+ Kf4 63. Rh2 Kg3 64. Rg2+ Kh4 65. Rh2
g3 66. Re2 h2+ 67. Kg2 Rf2+ 68. Kh1 Rf1+ 69. Kg2 0-1

[Event "I Weekend A"]
[Site "Biella ITA"]
[Date "2010.09.25"]
[Round "2"]
[White "Isoardi, Luigi"]
[Black "Schingaro, Angelo"]
[Result "1-0"]
[WhiteElo "1464"]
[BlackElo "1724"]
[PlyCount "117"]
[EventDate "2010.09.24"]

1. d4 d5 2. Bf4 Nf6 3. h3 e6 4. e3 c5 5. Nf3 Nc6 6. c3 Bd6 7. Bxd6 Qxd6 8. Bb5
Bd7 9. O-O O-O 10. Be2 a6 11. Nbd2 cxd4 12. cxd4 Rac8 13. Nb3 Na7 14. Nc5 Bc6
15. Qb3 Qb8 16. Rac1 Bb5 17. Bxb5 Nxb5 18. Ne5 Rfd8 19. Rc2 Nd6 20. Rfc1 h6 21.
a4 Qa8 22. Qd3 Nde4 23. b4 Nxc5 24. bxc5 Nd7 25. Nxd7 Rxd7 26. Qb3 Rdc7 27. Rb1
Qa7 28. a5 Re8 29. Qa4 Ree7 30. Rcb2 Qa8 31. f3 Qc8 32. Qa3 Qd7 33. Rb6 Qc8 34.
c6 g6 35. Qd6 Kg7 36. Kf2 bxc6 37. Rxc6 Red7 38. Rxc7 Rxc7 39. Kg3 Rc6 40. Qb8
Qxb8+ 41. Rxb8 Kf6 42. Rb6 Rc3 43. Kf2 h5 44. Rxa6 h4 45. e4 Rc2+ 46. Kg1 dxe4
47. fxe4 Kg5 48. d5 exd5 49. exd5 Kf4 50. Rc6 Ra2 51. a6 Kg3 52. Rc3+ Kf4 53.
Rc6 Kg3 54. Kf1 Rxg2 55. a7 Ra2 56. Rc7 Kxh3 57. d6 Kg3 58. Rc3+ Kf4 59. d7 1-0

[Event "I Weekend A"]
[Site "Biella ITA"]
[Date "2010.09.25"]
[Round "2"]
[White "Lavino, Stefano"]
[Black "Caprioglio, Giovanni"]
[Result "1/2-1/2"]
[WhiteElo "1755"]
[BlackElo "1455"]
[PlyCount "94"]
[EventDate "2010.09.24"]

1. d4 d5 2. Nf3 c6 3. g3 Bf5 4. Bg2 Nd7 5. O-O Ngf6 6. c4 e6 7. Nc3 dxc4 8. h3
Nd5 9. Nh4 Bg6 10. Nxg6 hxg6 11. e4 Nxc3 12. bxc3 Qa5 13. Qc2 Nf6 14. Rb1 Qc7
15. Bf4 Qd7 16. a4 Rd8 17. Rfd1 Be7 18. Qb2 b6 19. Qa2 Rh5 20. Qxc4 Kf8 21. Qb3
Ke8 22. c4 Kf8 23. Be3 Ra5 24. e5 Ne8 25. Bd2 Ra6 26. Bc3 Nc7 27. Bf1 b5 28.
cxb5 cxb5 29. Bxb5 Nxb5 30. axb5 Ra3 31. Qb2 Rc8 32. Bb4 Bxb4 33. Qxb4+ Qe7 34.
Qxe7+ Kxe7 35. b6 axb6 36. Rxb6 Rd8 37. Rb7+ Rd7 38. Rdb1 Ra7 39. Rxa7 Rxa7 40.
Rb6 Rd7 41. Rb4 f6 42. f4 Ra7 43. Kf2 f5 44. Rb2 Kd7 45. Rc2 Ra4 46. Ke3 Ra3+
47. Kf2 Rd3 1/2-1/2

[Event "I Weekend A"]
[Site "Biella ITA"]
[Date "2010.09.25"]
[Round "2"]
[White "Leopardi, Stefano"]
[Black "Pedemonte, Claudio"]
[Result "0-1"]
[WhiteElo "1599"]
[BlackElo "1808"]
[PlyCount "68"]
[EventDate "2010.09.24"]

1. c4 f5 2. Nc3 Nf6 3. Nf3 d6 4. d3 e5 5. g3 g6 6. Bg2 Bg7 7. O-O O-O 8. Bd2
Nbd7 9. Qc1 a5 10. Bh6 Nc5 11. Bxg7 Kxg7 12. b3 Bd7 13. d4 exd4 14. Nxd4 Nfe4
15. Nxe4 Nxe4 16. e3 Qf6 17. Rd1 h6 18. Ne2 g5 19. Bxe4 fxe4 20. Qc3 Bg4 21.
Qxf6+ Rxf6 22. Rd2 Raf8 23. Nc3 Bf3 24. Nd5 R6f7 25. h3 h5 26. a3 Ra8 27. Rd4
a4 28. b4 c5 29. bxc5 dxc5 30. Rd2 Rd7 31. Rb2 Ra7 32. Rb5 Ra6 33. Rxc5 Rad6
34. Rc7 Rxd5 0-1

[Event "I Weekend A"]
[Site "Biella ITA"]
[Date "2010.09.25"]
[Round "2"]
[White "Lucchese, Paolo"]
[Black "Siclari, Alberto"]
[Result "1-0"]
[WhiteElo "1917"]
[BlackElo "1521"]
[PlyCount "103"]
[EventDate "2010.09.24"]

1. e4 c5 2. Nf3 e6 3. d4 cxd4 4. Nxd4 Nc6 5. Nb5 d6 6. Bf4 e5 7. Be3 Nf6 8.
N5c3 a6 9. Be2 Be6 10. Bf3 Ne7 11. a4 d5 12. exd5 Nexd5 13. Bg5 Nb4 14. Qxd8+
Rxd8 15. Na3 Nbd5 16. Ne2 Be7 17. Bxf6 Bxf6 18. O-O b6 19. Nc4 Bf5 20. Rad1 e4
21. Ng3 exf3 22. Nxf5 fxg2 23. Rfe1+ Kf8 24. Nfd6 Nf4 25. c3 Be7 26. Nf5 Rxd1
27. Rxd1 g6 28. Nxe7 Kxe7 29. Nxb6 h5 30. Nd5+ Nxd5 31. Rxd5 Rb8 32. b4 Rc8 33.
Rd3 Ke6 34. Kxg2 Rc7 35. Kf3 Ke5 36. Ke3 f5 37. f4+ Ke6 38. Kd2 Rc6 39. Rd4 Kf6
40. h4 Ke6 41. a5 Kf6 42. c4 Ke6 43. c5 Ke7 44. Kd3 Ke6 45. Kc4 g5 46. fxg5 Ke5
47. Rd5+ Ke6 48. Rd6+ Rxd6 49. cxd6 Kxd6 50. Kd4 Ke6 51. b5 axb5 52. a6 1-0

[Event "I Weekend A"]
[Site "Biella ITA"]
[Date "2010.09.25"]
[Round "2"]
[White "Migliorini, Matteo"]
[Black "Cerutti, Fabio Maria"]
[Result "1/2-1/2"]
[WhiteElo "1742"]
[BlackElo "1404"]
[PlyCount "109"]
[EventDate "2010.09.24"]

1. e4 Nf6 2. e5 Nd5 3. d4 d6 4. Bc4 Nb6 5. Bb3 dxe5 6. Qh5 e6 7. dxe5 Nc6 8.
Nf3 g6 9. Qh3 h6 10. O-O Bg7 11. Qg3 Nd4 12. Nxd4 Qxd4 13. Re1 Nd7 14. Bd2 Bxe5
15. Bc3 Qxc3 16. Qxc3 Bxc3 17. Nxc3 Nc5 18. Nb5 Kd8 19. Re5 Nxb3 20. axb3 a6
21. Rc5 Bd7 22. Nd4 Rc8 23. Rd1 Ke7 24. Rc3 e5 25. Re3 f6 26. f4 Bg4 27. Rde1
Rcd8 28. c3 c5 29. Nf3 Be6 30. c4 Rhf8 31. fxe5 b5 32. exf6+ Rxf6 33. Ne5 Rd6
34. Nd3 Rc6 35. Re5 Kd6 36. g3 bxc4 37. Nf4 Kd7 38. Nxe6 Rfxe6 39. Rd1+ Ke7 40.
Rxe6+ Rxe6 41. bxc4 Re2 42. Rd5 Rxb2 43. Rxc5 Kd7 44. Ra5 Rb6 45. c5 Rf6 46.
Ra2 Rc6 47. Kg2 Ke6 48. Kf3 Kf5 49. Rc2 a5 50. Rc4 a4 51. Rxa4 Rxc5 52. g4+ Kg5
53. Ra3 h5 54. gxh5 gxh5 55. h3 1/2-1/2

[Event "I Weekend A"]
[Site "Biella ITA"]
[Date "2010.09.25"]
[Round "2"]
[White "Moncelli, Giorgio"]
[Black "Carraria Martinotti, Ludovico"]
[Result "1-0"]
[WhiteElo "2089"]
[BlackElo "1440"]
[PlyCount "33"]
[EventDate "2010.09.24"]

1. d4 d5 2. Nf3 Nf6 3. e3 e6 4. Bd3 c5 5. b3 Nc6 6. O-O Bd6 7. Bb2 O-O 8. Nbd2
b6 9. Ne5 Qc7 10. Nxc6 Qxc6 11. dxc5 Bxc5 12. Bxf6 g6 13. Nf3 Bb7 14. Ne5 Qc7
15. Ng4 h5 16. Nh6+ Kh7 17. Qxh5 1-0

[Event "I Weekend A"]
[Site "Biella ITA"]
[Date "2010.09.25"]
[Round "2"]
[White "Montilli, Vincenzo"]
[Black "Costantino, Gian Franco"]
[Result "1/2-1/2"]
[WhiteElo "1503"]
[BlackElo "1758"]
[PlyCount "74"]
[EventDate "2010.09.24"]

1. d4 d5 2. c4 c6 3. Nc3 Nf6 4. Nf3 e6 5. Bg5 Nbd7 6. e3 Qa5 7. Bxf6 Nxf6 8.
Qc2 Bb4 9. Bd3 Bd7 10. O-O dxc4 11. Bxc4 O-O 12. a3 Bd6 13. b4 Qh5 14. Ne4 Bc7
15. Nxf6+ gxf6 16. h3 Kh8 17. Kh1 e5 18. Ng1 Rg8 19. f3 Rg3 20. Qa2 Rg7 21. g4
Qh6 22. dxe5 Bxe5 23. Rad1 Bxg4 24. fxg4 Rxg4 25. Bxf7 Rg3 26. Be6 Rxe3 27. Qg2
Rg3 28. Qd2 Qh4 29. Bf5 Rag8 30. Nf3 Rxh3+ 31. Bxh3 Qxh3+ 32. Nh2 Qxa3 33. Rg1
Rf8 34. Rb1 Qh3 35. Qg2 Qd7 36. Rbd1 Qf7 37. Qe2 Rg8 1/2-1/2

[Event "I Weekend A"]
[Site "Biella ITA"]
[Date "2010.09.25"]
[Round "2"]
[White "Petrone, Gianmario"]
[Black "Pagani, Luca"]
[Result "1-0"]
[WhiteElo "1766"]
[BlackElo "1506"]
[PlyCount "107"]
[EventDate "2010.09.24"]

1. e4 e5 2. Nf3 Nc6 3. Bb5 Bc5 4. c3 Nf6 5. O-O O-O 6. d4 Bb6 7. Re1 Qe7 8.
Bxc6 bxc6 9. Nxe5 h6 10. Nd2 c5 11. Ndc4 d6 12. Nxb6 cxb6 13. Nd3 Re8 14. e5
dxe5 15. Rxe5 Qd7 16. Rxe8+ Nxe8 17. Ne5 Qd5 18. Qf3 Qxf3 19. Nxf3 cxd4 20.
Nxd4 Bb7 21. Bf4 g5 22. Bg3 Ng7 23. Re1 Bd5 24. b3 Rd8 25. Re7 a5 26. Bc7 Rc8
27. c4 Be6 28. Nxe6 Nxe6 29. Bxb6 a4 30. Ra7 axb3 31. axb3 Nf4 32. g3 Ne2+ 33.
Kf1 Re8 34. Rd7 Nc3 35. Rd8 Rxd8 36. Bxd8 Kf8 37. Ba5 Ne4 38. Ke2 f5 39. f3 Nf6
40. Kd3 Ke7 41. Bc3 Nd7 42. b4 Kd6 43. Bg7 h5 44. Bh6 g4 45. Bf4+ Kc6 46. fxg4
hxg4 47. Kd4 Kb6 48. Be3 Kc6 49. b5+ Kc7 50. c5 Nf8 51. Kd5 Ng6 52. b6+ Kc8 53.
c6 Ne7+ 54. Kd6 1-0

[Event "I Weekend A"]
[Site "Biella ITA"]
[Date "2010.09.25"]
[Round "2"]
[White "Scagliotti, Guglielmo"]
[Black "Gerosa, Davide"]
[Result "1-0"]
[WhiteElo "1781"]
[BlackElo "1542"]
[PlyCount "61"]
[EventDate "2010.09.24"]

1. e4 e5 2. f4 Nc6 3. Nc3 d6 4. Nf3 Nf6 5. Bc4 g6 6. O-O Bg4 7. Bb5 a6 8. Bxc6+
bxc6 9. h3 Bxf3 10. Qxf3 d5 11. fxe5 Bc5+ 12. Kh1 d4 13. Na4 Be7 14. exf6 Bxf6
15. Qxf6 Qxf6 16. Rxf6 c5 17. Nxc5 Ke7 18. Rf2 Rhe8 19. d3 Kf8 20. Bh6+ Kg8 21.
Raf1 Re7 22. e5 Rb8 23. e6 f5 24. Bg5 Ree8 25. Nd7 Rxb2 26. Nf6+ Kf8 27. Nxe8
Kxe8 28. g4 Rxa2 29. gxf5 gxf5 30. Rxf5 Rxc2 31. Rf8# 1-0

[Event "I Weekend A"]
[Site "Biella ITA"]
[Date "2010.09.25"]
[Round "2"]
[White "Siclari, Giovanni"]
[Black "Giachino, Adriano"]
[Result "1-0"]
[WhiteElo "1443"]
[BlackElo "1711"]
[PlyCount "69"]
[EventDate "2010.09.24"]

1. f4 d5 2. Nf3 Nf6 3. g3 Nc6 4. Bg2 e6 5. O-O Bc5+ 6. d4 Bd6 7. c4 b6 8. Nc3
Bb7 9. Ne5 Ne7 10. e4 dxe4 11. Qe2 Nf5 12. Be3 O-O 13. Rad1 Rc8 14. c5 Be7 15.
c6 Ba8 16. Nxe4 Nd5 17. Bf2 f6 18. Nd7 Rf7 19. Nc3 Bxc6 20. Qxe6 Bxd7 21. Qxd5
c6 22. Qb3 Be8 23. Rfe1 Kh8 24. Bh3 Qd7 25. d5 g6 26. d6 Bxd6 27. Ne4 Qc7 28.
Bxf5 gxf5 29. Nxd6 Rg7 30. Nxe8 Qb7 31. Nxg7 Qxg7 32. Qe6 Rf8 33. Rd7 Qg6 34.
Re7 Qh6 35. Re8 1-0

[Event "I Weekend A"]
[Site "Biella ITA"]
[Date "2010.09.25"]
[Round "2"]
[White "Solinas, Giuseppe"]
[Black "Miracola, Giorgia"]
[Result "0-1"]
[WhiteElo "1491"]
[BlackElo "1747"]
[PlyCount "96"]
[EventDate "2010.09.24"]

1. e4 c5 2. c3 Nf6 3. e5 Nd5 4. d4 cxd4 5. cxd4 e6 6. Nc3 Nf6 7. Nf3 Nc6 8. Be2
d6 9. Bf4 dxe5 10. Bxe5 Nxe5 11. Nxe5 Bd6 12. Nf3 O-O 13. O-O Bd7 14. Ne4 Bc6
15. Ng3 Nd5 16. Ne5 Bxe5 17. dxe5 Nf4 18. Qxd8 Rfxd8 19. f3 Rd2 20. Rfe1 Rxb2
21. Bf1 Rd8 22. Ne2 Nxe2+ 23. Rxe2 Rdd2 24. Rxd2 Rxd2 25. Bc4 h6 26. Bb3 Re2
27. Rd1 Kf8 28. Rd8+ Ke7 29. Rg8 g6 30. Rc8 Rxe5 31. Rc7+ Ke8 32. Rc8+ Kd7 33.
Rf8 Ke7 34. Rh8 h5 35. Kf2 Bb5 36. Kg3 Rg5+ 37. Kh3 Bf1 38. Rb8 Bxg2+ 39. Kh4
Rb5 40. Bc4 Rb4 41. Kg3 Rxc4 42. Rxb7+ Kf6 43. Kxg2 Rc2+ 44. Kg3 Rxa2 45. h4 a5
46. Rb5 a4 47. Kf4 a3 48. Rb1 Re2 0-1

[Event "I Weekend A"]
[Site "Biella ITA"]
[Date "2010.09.25"]
[Round "2"]
[White "Squara, Marco"]
[Black "Forno, Diego"]
[Result "1/2-1/2"]
[WhiteElo "1806"]
[BlackElo "1621"]
[PlyCount "44"]
[EventDate "2010.09.24"]

1. d4 Nf6 2. c4 e6 3. Nc3 Bb4 4. Qc2 c5 5. dxc5 Bxc5 6. Nf3 h6 7. e3 O-O 8. Be2
b6 9. O-O Bb7 10. b3 d5 11. cxd5 Nxd5 12. Nxd5 Bxd5 13. Bb2 Nd7 14. Rfd1 Rc8
15. Qd2 Nf6 16. Rac1 Qe7 17. Qe1 Rc6 18. Bd4 Rfc8 19. Bxc5 Rxc5 20. Rxc5 Rxc5
21. Rc1 Ra5 22. Ra1 Qa3 1/2-1/2

[Event "I Weekend A"]
[Site "Biella ITA"]
[Date "2010.09.25"]
[Round "2"]
[White "Topczewski, Damian"]
[Black "De Francisci, Luigi"]
[Result "1-0"]
[WhiteElo "2165"]
[BlackElo "1898"]
[PlyCount "63"]
[EventDate "2010.09.24"]

1. e4 g6 2. d4 Bg7 3. c3 d6 4. Bc4 e6 5. Bb3 Nd7 6. f4 Qh4+ 7. g3 Qe7 8. Nf3 h6
9. Qe2 a6 10. Na3 b6 11. e5 Bb7 12. Bd2 h5 13. O-O-O d5 14. h3 c5 15. g4 b5 16.
f5 gxf5 17. gxf5 exf5 18. Bc2 cxd4 19. Nxd4 O-O-O 20. Nxf5 Qxe5 21. Qf2 Bh6 22.
Nxh6 Nxh6 23. Bf4 Qf6 24. Rhf1 Qc6 25. Nb1 f6 26. Nd2 Ne5 27. Nb3 b4 28. cxb4
Kb8 29. Nc5 Rc8 30. Kb1 a5 31. Ba4 Qc7 32. Nd7+ 1-0

[Event "I Weekend A"]
[Site "Biella ITA"]
[Date "2010.09.25"]
[Round "2"]
[White "Ubezio, Marco"]
[Black "Arruzza, Francesco"]
[Result "1/2-1/2"]
[WhiteElo "2137"]
[BlackElo "1850"]
[PlyCount "71"]
[EventDate "2010.09.24"]

1. e4 Nf6 2. e5 Nd5 3. d4 d6 4. c4 Nb6 5. exd6 cxd6 6. Nc3 g6 7. Be3 Bg7 8. Rc1
O-O 9. b3 Nc6 10. Be2 e5 11. dxe5 dxe5 12. c5 Nd7 13. Nf3 Qa5 14. Nd2 Nxc5 15.
Nc4 Qb4 16. a3 Qxb3 17. Bxc5 Qxd1+ 18. Rxd1 Rd8 19. Rxd8+ Nxd8 20. Bd6 Be6 21.
Nb5 Bxc4 22. Bxc4 Rc8 23. Bb3 Rc1+ 24. Bd1 a6 25. Nc7 b5 26. Nd5 Nb7 27. Be7
Na5 28. O-O Nc6 29. Bg5 Ra1 30. Bf3 Rxa3 31. Rc1 h6 32. Nf6+ Kf8 33. Nd7+ Kg8
34. Nf6+ Kf8 35. Nd7+ Kg8 36. Nf6+ 1/2-1/2

[Event "I Weekend A"]
[Site "Biella ITA"]
[Date "2010.09.25"]
[Round "2"]
[White "Zannoni, Gianni"]
[Black "Stips, Felix"]
[Result "0-1"]
[WhiteElo "1812"]
[BlackElo "2214"]
[PlyCount "90"]
[EventDate "2010.09.24"]

1. Nf3 Nf6 2. g3 d5 3. Bg2 c6 4. O-O Bg4 5. d3 Nbd7 6. Qe1 e5 7. e4 Bxf3 8.
Bxf3 Bd6 9. Nd2 O-O 10. Bg2 Qc7 11. Nf3 Rfe8 12. Kh1 a5 13. Nh4 g6 14. Qe2 b5
15. c3 a4 16. Bd2 Nb6 17. Rfe1 dxe4 18. dxe4 Nfd7 19. Rad1 Be7 20. Nf3 Nc4 21.
Bc1 Nc5 22. Nd2 Nd6 23. Nf1 Rad8 24. f3 Bf8 25. Ne3 f6 26. Nc2 Nc4 27. Nb4 Ne6
28. Bh3 Nd4 29. Na6 Nxe2 30. Nxc7 Rxd1 31. Rxd1 Re7 32. Be6+ Kg7 33. Bxc4 bxc4
34. Na6 Rb7 35. Be3 Rxb2 36. Rd7+ Kg8 37. Rc7 Nxc3 38. Rxc6 Nd1 39. Bc5 Bxc5
40. Rxc5 c3 41. Rc4 Ne3 42. Rc8+ Kg7 43. Kg1 Rg2+ 44. Kh1 Rxa2 45. h4 c2 0-1

[Event "I Weekend A"]
[Site "Biella ITA"]
[Date "2010.09.25"]
[Round "3"]
[White "Argiolas, Alberto"]
[Black "Isoardi, Luigi"]
[Result "1-0"]
[WhiteElo "1867"]
[BlackElo "1464"]
[PlyCount "175"]
[EventDate "2010.09.24"]

1. e4 e5 2. Nf3 d6 3. Bc4 Nf6 4. d3 Nc6 5. Ng5 d5 6. exd5 Na5 7. Bb5+ Bd7 8.
Bxd7+ Qxd7 9. c4 h6 10. Nf3 Bd6 11. O-O O-O 12. Bd2 b6 13. b4 Nb7 14. Bc3 e4
15. dxe4 Nxe4 16. Be1 c5 17. Qd3 Rfe8 18. a3 Re7 19. Nc3 Nxc3 20. Bxc3 Rae8 21.
Rfe1 f6 22. Rxe7 Rxe7 23. Kf1 Nd8 24. Re1 Nf7 25. Rxe7 Qxe7 26. Qe2 Qd7 27. h3
Kf8 28. Qb2 Qf5 29. Qd2 Qb1+ 30. Ne1 Qb3 31. Qd3 Qxa3 32. bxc5 Qxc5 33. Nc2 Ne5
34. Bxe5 Bxe5 35. Qa3 Bd6 36. Qxc5 Bxc5 37. Ke2 a5 38. f3 Ke7 39. Kd3 Kd6 40.
Kc3 g5 41. Nd4 Ke5 42. Ne6 Bb4+ 43. Kb3 f5 44. Ka4 Bd2 45. Kb5 Be3 46. Nd8 h5
47. Nc6+ Kd6 48. Nd8 Kd7 49. Ne6 h4 50. Ng7 f4 51. Ne6 Ke7 52. Nxg5 Kd6 53.
Ne4+ Kd7 54. Ng5 Ke7 55. Ne6 Kf6 56. Nc7 Ke7 57. Ne6 Kf6 58. Nf8 Kf7 59. Nd7
Ke7 60. Nc5 Kf6 61. Nd3 Ke7 62. Nb2 Kd6 63. Nd3 Kc7 64. Ne5 Kd6 65. Ng6 a4 66.
Kxa4 Kc5 67. Kb3 b5 68. cxb5 Kxd5 69. Nxh4 Kc5 70. Ka4 Kb6 71. Nf5 Bc1 72. h4
Bb2 73. h5 Kc7 74. Ka5 Kd7 75. Ka6 Ke6 76. Nh4 Kf6 77. Ng6 Kg5 78. b6 Ba3 79.
b7 Bd6 80. Nf8 Kxh5 81. Nd7 Kh4 82. Nc5 Bb8 83. Ne4 Be5 84. Kb6 Kh5 85. Kc6 Kg6
86. Nd6 Kh5 87. b8=Q Bxd6 88. Qxd6 1-0

[Event "I Weekend A"]
[Site "Biella ITA"]
[Date "2010.09.25"]
[Round "3"]
[White "Bosticardo, Tommaso"]
[Black "Solinas, Giuseppe"]
[Result "1-0"]
[WhiteElo "1558"]
[BlackElo "1491"]
[PlyCount "83"]
[EventDate "2010.09.24"]

1. d4 d5 2. c4 c6 3. cxd5 cxd5 4. Nc3 Nf6 5. Bf4 Bf5 6. e3 e6 7. Nf3 Nc6 8. Bb5
Bd6 9. Bxd6 Qxd6 10. Ne5 O-O 11. f4 Rac8 12. a3 Rc7 13. O-O Rfc8 14. Rc1 a6 15.
Bd3 Ne7 16. Rf2 Be4 17. Rfc2 Nf5 18. Qe2 Bxd3 19. Qxd3 h5 20. Nd1 b5 21. Kf2
Ne4+ 22. Ke2 Qe7 23. Nf3 Rc4 24. Nc3 Nfd6 25. Nd1 Rxc2+ 26. Rxc2 Rxc2+ 27. Qxc2
Nc4 28. Nf2 f5 29. Nxe4 dxe4 30. Ng5 g6 31. a4 e5 32. dxe5 Nxe5 33. axb5 axb5
34. Qc8+ Kg7 35. Ne6+ Kf7 36. Nd8+ Kf6 37. fxe5+ Qxe5 38. Qa6+ Kg7 39. Qb7+ Kf6
40. Qf7+ Kg5 41. Ne6+ Kh6 42. Qf8+ 1-0

[Event "I Weekend A"]
[Site "Biella ITA"]
[Date "2010.09.25"]
[Round "3"]
[White "Caprioglio, Giovanni"]
[Black "Giovarruscio, Gabriele"]
[Result "0-1"]
[WhiteElo "1455"]
[BlackElo "1669"]
[PlyCount "78"]
[EventDate "2010.09.24"]

1. e4 c6 2. d4 d5 3. exd5 cxd5 4. Bf4 Qb6 5. b3 Nc6 6. Nf3 Bg4 7. h3 Bxf3 8.
Qxf3 e6 9. c3 Nf6 10. Bd3 Be7 11. O-O O-O 12. Qg3 Nh5 13. Qf3 Nxf4 14. Qxf4
Rac8 15. Nd2 h6 16. Nf3 Bf6 17. Rac1 Rfd8 18. Nh2 Bg5 19. Qg3 Bxc1 20. Rxc1 Qc7
21. Qf3 Nxd4 22. Qe3 Nf5 23. Qd2 Nd6 24. Nf3 Ne4 25. Qe3 Qa5 26. Bxe4 dxe4 27.
Qxe4 Qxa2 28. Qxb7 Rb8 29. Qc7 Rdc8 30. Qe7 Qxb3 31. Ne5 Qb7 32. Qa3 Qb2 33.
Ra1 Qxc3 34. Nf3 Qxa3 35. Rxa3 Rc1+ 36. Kh2 Rc2 37. Kg3 Rbb2 38. Rxa7 Rxf2 39.
Ne5 Rxg2+ 0-1

[Event "I Weekend A"]
[Site "Biella ITA"]
[Date "2010.09.25"]
[Round "3"]
[White "Caprioglio, Riccardo"]
[Black "Squara, Marco"]
[Result "1-0"]
[WhiteElo "1560"]
[BlackElo "1806"]
[PlyCount "49"]
[EventDate "2010.09.24"]

1. e4 c6 2. d4 d5 3. exd5 cxd5 4. Nf3 Nf6 5. Nc3 Nc6 6. Bg5 e6 7. Bb5 Be7 8.
O-O O-O 9. Ne5 Bd7 10. f4 Rc8 11. a3 a6 12. Be2 Nxd4 13. Kh1 Nxe2 14. Qxe2 Bc6
15. f5 Re8 16. Qf2 Qc7 17. Rae1 Rcd8 18. Qd4 Ne4 19. fxe6 f6 20. Nf7 fxg5 21.
Nxd8 Rxd8 22. Rf7 Nf6 23. Qe5 Rc8 24. Qxg5 g6 25. Qh6 1-0

[Event "I Weekend A"]
[Site "Biella ITA"]
[Date "2010.09.25"]
[Round "3"]
[White "Carraria Martinotti, Ludovico"]
[Black "Coppola, Federico"]
[Result "0-1"]
[WhiteElo "1440"]
[BlackElo "1590"]
[PlyCount "90"]
[EventDate "2010.09.24"]

1. e4 c5 2. Nf3 d6 3. d4 cxd4 4. Nxd4 Nf6 5. Nc3 g6 6. Be2 Bg7 7. Be3 O-O 8.
O-O Nc6 9. Nxc6 bxc6 10. Bc4 e6 11. Bb3 d5 12. exd5 cxd5 13. Qd2 Ba6 14. Rfe1
Qc7 15. h3 Bb7 16. Bh6 Bxh6 17. Qxh6 Rac8 18. Rad1 Rfd8 19. Qh4 Ne8 20. Qd4 a6
21. Nb1 Nd6 22. Qe5 Nf5 23. Qxc7 Rxc7 24. Nd2 Nd4 25. c3 Nf5 26. Nf3 Kf8 27. g4
Nd6 28. Ng5 h6 29. Nf3 Re7 30. Ne5 Kg7 31. Nf3 Kf8 32. Ne5 a5 33. c4 Nc8 34.
Nf3 f6 35. cxd5 exd5 36. Rxe7 Nxe7 37. Nd4 Kf7 38. Kg2 f5 39. gxf5 Nxf5 40.
Nxf5 gxf5 41. Kf3 Kf6 42. Rd4 Ke5 43. Rd2 d4+ 44. Ke2 d3+ 45. Ke3 f4# 0-1

[Event "I Weekend A"]
[Site "Biella ITA"]
[Date "2010.09.25"]
[Round "3"]
[White "Cerutti, Fabio Maria"]
[Black "Maffeo, Mauro"]
[Result "0-1"]
[WhiteElo "1404"]
[BlackElo "1802"]
[PlyCount "108"]
[EventDate "2010.09.24"]

1. e4 e6 2. d3 c5 3. g3 Nf6 4. Bg2 Be7 5. Be3 Nc6 6. f4 d5 7. Nd2 d4 8. Bf2 Rb8
9. Ngf3 O-O 10. Qe2 Nb4 11. Nc4 b5 12. Nce5 Bb7 13. a3 Nc6 14. Nxc6 Bxc6 15.
Ne5 Ba8 16. c3 Qa5 17. Qd2 dxc3 18. Qxc3 b4 19. Qd2 Rfd8 20. O-O Nxe4 21. Bxe4
Bxe4 22. axb4 Qb5 23. Rxa7 Bb7 24. bxc5 Bxc5 25. Ra5 Bxf2+ 26. Rxf2 Qb6 27. Nc4
Qc6 28. Kf1 Ba6 29. Ne5 Qh1+ 30. Ke2 Qe4+ 31. Kf1 Bxd3+ 32. Nxd3 Rxd3 33. Qc2
Rbd8 34. Kg1 Rd1+ 35. Qxd1 Rxd1+ 36. Rf1 Qe3+ 37. Kg2 Qe2+ 38. Kh3 Qxf1+ 39.
Kh4 Rd8 40. b4 Qg2 41. h3 h6 42. b5 Qf3 43. b6 f6 44. g4 g5+ 45. fxg5 hxg5+ 46.
Kh5 Qxh3+ 47. Kg6 Qd3+ 48. Rf5 exf5 49. gxf5 Rd5 50. b7 Qxf5+ 51. Kh5 g4+ 52.
Kh4 Qg5+ 53. Kg3 Rb5 54. b8=Q+ Rxb8 0-1